U.S. History - How Did They Die? - Statistics

General Stats
  • This quiz has been taken 54,067 times
  • The average score is 10 of 15
Answer Stats
Question Answer % Correct
Tupac Shakur (1996) Drive-by shooting
98%
Michael Jackson (2009) Overdose of prescription drugs
98%
Kobe Bryant (2020) Helicopter crash
92%
Robert F. Kennedy (1968) Assassinated by Sirhan Sirhan
83%
James Dean (1955) Automobile crash
70%
Sharon Tate (1969) Murdered by the Manson family
70%
George Washington (1799) Excessive bloodletting by doctors
69%
Arthur Ashe (1993) Complications from AIDS
68%
John Denver (1997) Plane crash
65%
Jesse James (1882) Shot from behind
65%
Harry Houdini (1926) Appendicitis / punch to stomach
55%
Ernest Hemingway (1961) Suicide by shotgun
54%
John Brown (1859) Hanged
50%
Sonny Bono (1998) Hit tree while skiing
50%
Julius and Ethel Rosenberg (1953) Electric chair
47%
No matching quizzes found
Score Distribution
Percent of People with Each Score
Percentile by Number Answered
Your Score History
You have not taken this quiz